000 00592nam a2200229Ia 4500
003 OSt
005 20221007074844.0
006 a|||||r|||| 00| 0
007 ta
008 221006b |||||||| |||| 00| 0 eng d
024 _a28,640
037 _cTextual
040 _aFLL
_cFLL
_beng
041 _2eng
_aeng
082 _aZ(Q2),4411, N9
100 _aSaradamoni K.
245 0 _aMatriliny transformed
260 _aNew Delhi
_bAltimira Press India
_c1999
300 _a176p
_ccm.
942 _hZ(Q2),4411, N9
_cTEXL
_2CC
999 _c1153926
_d1153926